Fortnite battle royale - 2018 - Statistics

General Stats
  • This quiz has been taken 278 times
  • The average score is 6 of 10
Answer Stats
Clues Answer % Correct
rarity common
88%
rarity epic
88%
rarity legendary
88%
rarity rare
88%
rarity uncommon
88%
legendary gun SCAR
82%
Common gun Pistol
58%
rare gun grenade launcher
19%
epic gun hand cannon
14%
uncommon gun pump action shotgun
2%
No matching quizzes found
Score Distribution
Percent of People with Each Score
Percentile by Number Answered
Your Score History
You have not taken this quiz